000 00558nam a22001937a 4500
003 DO-SdBNP
005 20220524090350.0
007 ta
008 110301s2005 dr 000 0 spa d
040 _aDO-SdBNP
_bspa
_cBNPHU
082 4 _axxxx
_bO77f
100 1 _aOrtiz Valenzuela, Sergio
_953018
245 1 0 _aFormularios del nuevo proceso penal dominicano /
_cSergio Ortiz Valenzuela
260 _aSanto Domingo :
_bLa Filantrópica,
_c2005.
300 _a107 p. :
_c21 cm.
590 _aInventariado, 2022/ YL
910 _aYLockward
942 _2ddc
_cLBS1
999 _c51792
_d51792